1984... or 1984? - Statistics

General Stats
  • This quiz has been taken 90 times
  • The average score is 6 of 10
Answer Stats
Question Answer % Correct
Written by George Orwell Book
99%
Had a major gas leak Year
84%
Where, early in, Michael Jackson had his hair set on fire during a Pepsi commercial Year
83%
Was mostly about Oceania Book
80%
Popularized "2+2=5" Book
79%
Had a war going on Both
73%
Had lots of disinformation Both
51%
Banned from talking about in the UK Neither
33%
Is the main focus of the Van Halen album with the same name Neither
20%
Had a movie Both
16%
No matching quizzes found
Score Distribution
Percent of People with Each Score
Percentile by Number Answered
Your Score History
You have not taken this quiz